Живой металл: повести и рассказы; пер. с англ.; Живой металл; Звездный охотник; Человек, который продал Луну; Реквием; Проект "Кошмар"; Аквариум для золотых рыбок
| Samenvatting: | Исключено из фонда НТБ ТПУ |
|---|---|
| Taal: | Russisch |
| Gepubliceerd in: |
Нижний Новгород, ИКПА, 1991
|
| TOC: | А. Меррит, Живой металл; Э. Нортон, Звездный охотник; Р. Хайнлайн, Человек, который продал Луну; Реквием; Проект "Кошмар"; Аквариум для золотых рыбок; |
| Reeks: | Фантастика. Приключения. Детектив |
| Formaat: | Boek |
| KOHA link: | https://koha.lib.tpu.ru/cgi-bin/koha/opac-detail.pl?biblionumber=24126 |
MARC
| LEADER | 00000nam0a2200000 4500 | ||
|---|---|---|---|
| 001 | 24126 | ||
| 005 | 20231030200054.0 | ||
| 035 | |a (RuTPU)RU\TPU\book\24352 | ||
| 035 | |a BOOK00000136 | ||
| 090 | |a 24126 | ||
| 100 | |a 20011209d1991 m y0rusy50 ca | ||
| 101 | 1 | |a rus |c eng | |
| 102 | |a RU | ||
| 105 | |a y z 000ay | ||
| 200 | 1 | |a Живой металл |e повести и рассказы |e пер. с англ. | |
| 210 | |a Нижний Новгород |c ИКПА |d 1991 | ||
| 215 | |a 336 с. | ||
| 225 | 1 | |a Фантастика. Приключения. Детектив | |
| 333 | |a Исключено из фонда НТБ ТПУ | ||
| 464 | |t Живой металл |f А. Меррит | ||
| 464 | |t Звездный охотник |f Э. Нортон | ||
| 464 | |t Человек, который продал Луну; Реквием; Проект "Кошмар"; Аквариум для золотых рыбок |f Р. Хайнлайн | ||
| 675 | |a 82 |v 3 | ||
| 801 | 0 | |a RU |b 63413507 |c 20011209 |g PSBO | |
| 801 | 2 | |a RU |b 63413507 |c 20211217 |g PSBO | |
| 942 | |c BK | ||